The memoirs of richrad nixon / (Record no. 133640)

MARC details
000 -LEADER
fixed length control field 00677nam a22002417a 4500
005 - DATE AND TIME OF LATEST TRANSACTION
control field 20170124110213.0
010 ## - LIBRARY OF CONGRESS CONTROL NUMBER
LC control number 923596
020 ## - INTERNATIONAL STANDARD BOOK NUMBER
Terms of availability 00.00
International Standard Book Number 0283984570
035 ## - SYSTEM CONTROL NUMBER
System control number 923596
037 ## - SOURCE OF ACQUISITION
Source of stock number/acquisition Cen Lib/Ret
040 ## - CATALOGING SOURCE
Original cataloging agency DPL
Language of cataloging EN
082 ## - DEWEY DECIMAL CLASSIFICATION NUMBER
Classification number 921
Item number NIX
100 ## - MAIN ENTRY--PERSONAL NAME
Personal name Nixon, Richard
9 (RLIN) 38506
245 ## - TITLE STATEMENT
Title The memoirs of richrad nixon /
Statement of responsibility, etc by Richard Nixon
260 ## - PUBLICATION, DISTRIBUTION, ETC. (IMPRINT)
Place of publication, distribution, etc London
Name of publisher, distributor, etc Sidgwick & Jackson
Date of publication, distribution, etc 1978
270 ## - ADDRESS
City London
300 ## - PHYSICAL DESCRIPTION
Extent xi, 1120p.
Dimensions 19cm(Hb)
490 ## - SERIES STATEMENT
Series statement Incredible india
500 ## - GENERAL NOTE
General note Includes index
650 ## - SUBJECT ADDED ENTRY--TOPICAL TERM
Topical term or geographic name as entry element Political science
9 (RLIN) 38507
650 ## - SUBJECT ADDED ENTRY--TOPICAL TERM
Geographic subdivision
Topical term or geographic name as entry element Watergate Affair (1972-1974)
9 (RLIN) 38508
942 ## - ADDED ENTRY ELEMENTS (KOHA)
Source of classification or shelving scheme Dewey Decimal Classification
Koha item type English Books
Classification part 921
Call number suffix NIX
Holdings
Withdrawn status Lost status Damaged status Not for loan Home library Current library Date acquired Source of acquisition Cost, normal purchase price Total Checkouts Full call number Barcode Date last seen Copy number Cost, replacement price Price effective from Koha item type
        Central Library Central Library 27/07/2015 Cen Lib/Ret 0.00   921 NIX 923596 27/07/2015 1 0.00 27/07/2015 English Books

© Delhi Public Library
Hit Counter
free hit counter